| 000 | 00421nam a22001571a 4500 | ||
|---|---|---|---|
| 020 | _a9789381317709 | ||
| 082 |
_aH200 9 _bVIJ/S |
||
| 100 | _aVijaya Digambar Rao Gatve | ||
| 245 |
_aSattothari hindi natakom mem yug chetana/ _cby Vijaya Digambar Rao Gatve |
||
| 260 |
_aKanpur: _bVikas, _c2013. |
||
| 300 | _a255p. | ||
| 650 | _aDrama Hindi History | ||
| 650 | _aLiterature Hindi | ||
| 650 | _aLiterature | ||
| 942 | _cBK | ||
| 999 |
_c40866 _d40866 |
||